| 000 | 00930nam a2200241 i 4500 | ||
|---|---|---|---|
| 001 | 114842 | ||
| 003 | ES-MaACL | ||
| 005 | 20250928131508.0 | ||
| 007 | t| | ||
| 008 | 070403s1982 sp ||||1| spa d | ||
| 020 | _a84-500-5394-3 | ||
| 080 | _a860-146.2(082.2) | ||
| 245 | 0 | 0 |
_aRomances de Castilla / _c[selección], Narciso Alonso-Cortés ; prólogo de Angel Manteca Alonso-Cortés. |
| 260 |
_aValladolid : _bInstitución Cultural Simancas, Diputación Provincial, _c1982. |
||
| 300 |
_a285 p. : _bil. ; _c25 cm. |
||
| 534 |
_pReproducción facsímil de la ed. de: _c-- Valladolid : Establecimiento Tipográfico de Eduardo Sènz, 1906. |
||
| 650 | 1 | 4 |
_aRomances- _zEspaña. _916935 |
| 700 | 1 |
_aAlonso Cortés, Narciso, _d1875-1972 _920277 |
|
| 700 | 1 |
_aAlonso-Cortés, Angel. _920273 |
|
| 710 | 2 |
_aInstitución Cultural Simancas (Valladolid) _94717 |
|
| 852 |
_aES-MaACL _jL-1920 _bR.103152 |
||
| 999 |
_c114842 _d114842 |
||